000 01213cam a2200265 4500
001 7471
005 20181127183709.0
008 041221s2005 enkab b 001 0 eng
010 _a 2004030120
020 _a0754643735 (alk. paper)
082 0 0 _a339.4/6
_222
100 1 _aEadie, Pauline,
_d1965-
245 1 0 _aPoverty and the critical security agenda /
_cPauline Eadie.
260 _aAldershot, Hants, England ;
_aBurlington, VT, USA :
_bAshgate,
_cc2005.
300 _ax, 182 p. :
_bill., 1 map ;
_c24 cm.
440 0 _aCritical security series
504 _aIncludes bibliographical references (p. [161]-177) and index.
505 0 _aThe poverty of the security agenda -- Human security and social injustice : a global and local story -- Locating hegemony and counter-hegemony in Philppine historical experience -- Constructions of poverty and insecurity -- Coping strategies and counter moves -- Neo-liberal hegemony and the illusion of democracy : the rhetoric and reality of people power.
650 0 _aInternational relations.
650 0 _aPoverty
_zPhilippines.
650 0 _aPoverty.
650 0 _aSecurity, International.
650 0 _aSocial justice.
999 _c6386
_d6386